Statistics for Top 20 Countries for Climate Protection (2021)

Click here to take the quiz!

General Stats

  • This quiz has been taken 1,003 times
  • The average score is 12 of 20

Answer Stats

Rank #Answer% Correct
1Sweden
95%
8Finland
93%
5Norway
93%
15Germany
92%
3Denmark
91%
2United Kingdom
90%
19France
88%
11Switzerland
78%
13Portugal
69%
17Luxembourg
62%
10Latvia
46%
12Lithuania
45%
9Malta
39%
7India
36%
14Croatia
34%
6Chile
33%
16Ukraine
27%
18Egypt
21%
20Indonesia
21%
4Morocco
17%

Score Distribution

Percentile by Number Answered

Percent of People with Each Score

Your Score History

You have not taken this quiz